000 00938nam a2200289 a 4500
003 CO-ViMGA
005 20230915232211.0
008 111024s2008 sp gr 0001f spa d
020 _a9788467530773
040 _aCO-ViMGA
_bspa
_cCO-ViMGA
041 1 _heng
043 _ae-ie---
082 0 4 _a891.623
_bL15j
_219
100 1 _aLandy, Derek,
_d1973-
_92391
245 1 0 _aSkulduggery pleasant :
_bjugando con fuego /
_cDerek Landy ; traducción José María Rodero.
260 _aMadrid :
_bEdiciones SM,
_c2008.
300 _a310 p. ;
_c22 cm.
534 _pTítulo original :
_tSkulduggery pleasant. Playing with fire.
650 1 4 _aMuerte
_v Novela.
_92323
650 1 4 _aVida futura
_v Novela.
_92394
650 1 4 _aMagia
_v Novela.
_92329
650 1 4 _aNegra
_v Novela.
_92393
650 1 4 _aNovela fantástica.
_91292
650 1 4 _aNovela irlandesa.
_92392
700 1 _aRobledo, José María,
_etr.
_92395
942 _2ddc
_cBK
999 _c33786
_d33786